000 00215nam a22001097a 4500
082 _a894.812.3
_bVAS/S
100 _aVASU, K K
245 _aSARI EATAVUM SARI
300 _a120
650 _aSTORY
_zKERALA
942 _cBK
999 _c1655
_d1655